Gdzie gra ten piłkarz - Statystyki

Ogólne statystyki
  • Ten quiz został rozwiązany 93 razy
  • Średni wynik to 14 z 28
Statystyki odpowiedzi
Hint Odpowiedź % Poprawnych
Eder Militao Real Madryt
95%
Jude bellingham Borussia Dortmund
92%
Marco Verratti PSG
87%
Samuel Umtiti FC Barcelona
85%
Kyle Walker Manchester city
84%
Alphonso Davies Bayern Monachium
83%
Arthur Juventus
74%
Achraf Hakimi Inter Mediolan
72%
Andrea Belotti Torino
57%
Ryan Gravenberch Ajax Amsterdam
56%
Alexander Isak Real Sociedad
56%
Houssem Aouar Olympique lyon
53%
Giovani Lo Celso Tottenham
53%
Nordi Mukiele RB Lipsk
51%
Carlos Vela Los Angeles FC
48%
Kacper Kozłowski Pogoń Szczecin
46%
Manuel Locatelli Sassuolo
43%
Nick Pope Burnley
39%
Arjen Robben FC Groningen
39%
Florian Wirtz Bayer Leverkusen
37%
Blaise Matuidi Inter Miami
31%
Jasper Cillessen Valencia
26%
Adam Hlozek Sparta Praga
24%
Josef Martinez Atlanta United
16%
Jeremy Doku Stade Rennais
13%
Pierluigi Gollini Atalanta Bergamo
8%
Marek Hamsik Trabzonspor
7%
Renato Augusto Beijing Guoan
1%
Nie znaleziono quizów pasujących do podanych kryteriów
Rozkład punktacji
Procent ludzi z każdym wynikiem
Percentyl według liczby udzielonych odpowiedzi
Twoja historia wyników
Nie rozwiązałeś tego quizu